Cena práce zamestnanca v SR a ČR a jej účtovanie bakalárska práca

Guardado en:
Detalles Bibliográficos
Autor principal: Partila, Peter
Autor Corporativo: Fakulta hospodárskej informatiky EU. Katedra účtovníctva a audítorstva
Otros Autores: Pakšiová, Renáta, 1974-
Formato: Libro
Lenguaje:eslovaco
Publicado: Bratislava 2023
Etiquetas: Agregar Etiqueta
Sin Etiquetas, Sea el primero en etiquetar este registro!

MARC

LEADER 00000nbm a2200000 4500
001 0295042
005 20240320112243.4
041 0 |a slo 
044 |a SK 
245 1 0 |a Cena práce zamestnanca v SR a ČR a jej účtovanie  |b bakalárska práca  |c Peter Partila ; školiteľ: Renáta Pakšiová 
264 1 |a Bratislava  |c 2023 
300 |a 57 s. 
100 1 |a Partila, Peter 
700 1 |a Pakšiová, Renáta, 1974- 
710 2 |a Fakulta hospodárskej informatiky EU. Katedra účtovníctva a audítorstva